| 000 | 00410cam a22001217a 4500 | ||
|---|---|---|---|
| 008 | 180718b1984 xxu||||| |||| 00| 0 eng d | ||
| 082 | _aJ7x5421 AW14 | ||
| 100 | _aAwasthi, R.K. | ||
| 245 |
_aUrban development and role of municipal corpoartion: a study of Kanpur city _cby R.K. Awasthi |
||
| 260 |
_aVaranasi _bGandhian Institute Of Studies _c1984 |
||
| 300 | _a49p | ||
| 650 | _aMunicipal Government - India- U.P. | ||
| 999 |
_c413519 _d413519 |
||